| 000 | 01213nam0a22002891 4500 | ||
|---|---|---|---|
| 001 | rc\4723347 | ||
| 005 | 20130416213357.5 | ||
| 021 |
_aRU _b[59-8408] |
||
| 035 | _a(NLR Aleph) 008729923 | ||
| 090 |
_a9470814 _c9470814 |
||
| 100 | _a20130416d1959 |||y0rusy50 ca | ||
| 101 | 0 | _arus | |
| 102 | _aRU | ||
| 105 | _aa z ||||| | ||
| 200 | 1 |
_aОбзор иностранной литературы по пивоваренной и безалкогольной промышленности _e[Сборник статей] _fСовет нар. хозяйства Моск. (гор.) экон. адм. района |
|
| 210 |
_aМосква _cЦБТИ _d1959 |
||
| 215 |
_a24 с. _cил. _d22 |
||
| 300 | _aНа обороте тит. л. сост.: С.А. Кацева и А.Ю. Жвирблянская | ||
| 606 |
_aБезалкогольные напитки _xПроизводство _jСборники _2psbo |
||
| 606 |
_aПивоваренное производство _jСборники _2psbo |
||
| 702 | 1 |
_aКацева _bС. А. _4220 |
|
| 702 | 1 |
_aЖвирблянская _bА. Ю. _4220 |
|
| 801 | 0 |
_aRU _bNLR _gpsbo |
|
| 801 | 1 |
_aRU _bELAR _2rusmarc |
|
| 852 |
_aNLR _j59-6/1694 |
||
| 942 | _cBOOK | ||
| 980 | _aNB | ||